000 00374 a2200157 4500
001 173706
020 _a
040 _cMagnum
100 _aBelinky, Tatiana
240 1 0 _aA alegre vovo guida que e um bocado distraida
_lpor
245 1 0 _aA alegre vovo guida que e um bocado distraida
362 0 _a1899
440 1 _aFTD
697 _aIJ/FADAS, FANTASIA
942 _cBK
999 _c173706
_d173706